NHL Metro - Statistics

General Stats
  • This quiz has been taken 10 times
  • The average score is 7 of 8
Answer Stats
Teams Answer % Correct
Islanders New York
100%
Rangers New York
100%
Penguins Pittsburgh
90%
Capitals Washington
90%
Hurricanes Carolina
80%
Devils New Jersey
80%
Flyers Philadelphia
80%
Blue Jackets Columbus
70%
No matching quizzes found
Score Distribution
Percent of People with Each Score
Percentile by Number Answered
Your Score History
You have not taken this quiz